| 000 | 00472pam a2200157 a 4500 | ||
|---|---|---|---|
| 020 | _a007016987X | ||
| 040 | _cDLC | ||
| 082 | 0 | 0 | _a658 HIL 1993 A049 Or. |
| 100 | 1 | _aDilworth, James B., | |
| 245 | 1 | 0 |
_aProduction and operations management : _bmanufacturing and services / |
| 250 | _a5th ed. | ||
| 260 |
_aNew York : _bMcGraw-Hill, _cc1993. |
||
| 300 |
_axxviii, 742 p., [12] p. of plates : _bill. (some col.) ; _c27 cm. |
||
| 650 | 0 | _aProduction management. | |
| 942 | _cEK | ||
| 999 |
_c14452 _d14452 |
||